000 00840nab a2200241 u 4500
001 08624
003 HDC
007 cr bn ---aaaaa
008 210130c2013 my dr|nes 0 a may d
040 _aHDC
100 _aSri Ayu Kartikawati Amri
_eauthor
_99097
245 0 _aSasar 50 Peratus Pasaran Luar Negara / oleh
_cSri Ayu Kartikawati Amri
260 _aKuala Lumpur :
_bThe New Straits Times Press (M) Bhd.,
_c2013
336 _atext
_2rdacontent
337 _acomputer
_2rdamedia
338 _aonline resource
_2rdacarrier
650 _aFood products
_92068
650 _aJulie's products
_99098
856 _zRequest full-text at [email protected]
942 _2lcc
942 _cNEWS
942 _kNWSC 002378
999 _c5947
_d5947